Normal view
MARC view
- ديماس،فرانسوا ، سوس،زكي/ترجمة
Entry Personal Name
001 - CONTROL NUMBER
- control field: 34781
003 - CONTROL NUMBER IDENTIFIER
- control field: JO-AjAnu
005 - DATE AND TIME OF LATEST TRANSACTION
- control field: 20230606075825.0
008 - FIXED-LENGTH DATA ELEMENTS
- fixed length control field: 230606|| aca||aabn | a|a d
040 ## - CATALOGING SOURCE
- Original cataloging agency: JO-AjAnu
- Transcribing agency: JO-AjAnu
100 ## - HEADING--PERSONAL NAME
- Personal name: ديماس،فرانسوا ، سوس،زكي/ترجمة
670 ## - SOURCE DATA FOUND
- Source citation: Work cat.: (JO-AjAnu)17863: ديماس،فرانسوا ، سوس،زكي/ترجمة, author, آلهة مصر